000 00451nam a22001817a 4500
003 CEME
005 20210628204641.0
008 210222b xxu||||| |||| 00| 0 eng d
020 _a0-07-911533-0
040 _c.
082 _a531.32 KEL'F
100 _aKelly, S Graham
_961932
245 _aFundamentals of mechanical vibrations
260 _aNEWYORK
_bMCGRAW HILL
_c1993
300 _a643P
650 _a ACC NO-30131
_971547
942 _cBK
_2ddc
999 _c578007
_d578007